UITU Library & LRC     

ABC: AI, blockchain, and cybersecurity for healthcare (Record no. 31604)

MARC details
000 -LEADER
fixed length control field 00431nam a2200157Ia 4500
008 - FIXED-LENGTH DATA ELEMENTS--GENERAL INFORMATION
fixed length control field 250916s9999 xx 000 0 und d
020 ## - INTERNATIONAL STANDARD BOOK NUMBER
International Standard Book Number 978-1-032-79727-4
082 ## - DEWEY DECIMAL CLASSIFICATION NUMBER
Classification number 005.8 MET
100 ## - MAIN ENTRY--PERSONAL NAME
Personal name Metcalf, David
245 #0 - TITLE STATEMENT
Title ABC: AI, blockchain, and cybersecurity for healthcare
250 ## - EDITION STATEMENT
Edition statement 1st
260 ## - PUBLICATION, DISTRIBUTION, ETC.
Place of publication, distribution, etc. New York:
Name of publisher, distributor, etc. Routledge Taylor & Francis Group,
Date of publication, distribution, etc. 2024
300 ## - PHYSICAL DESCRIPTION
Extent 293 p.
600 ## - SUBJECT ADDED ENTRY--PERSONAL NAME
Personal name Computer Science
942 ## - ADDED ENTRY ELEMENTS (KOHA)
Koha item type Books
Holdings
Withdrawn status Lost status Damaged status Not for loan Collection Home library Current library Date acquired Source of acquisition Cost, normal purchase price Total checkouts Full call number Barcode Date last seen Cost, replacement price Price effective from Koha item type
        Computer Science UITU Library UITU Library 07/31/2025 Progressive International Agencies (Pvt) Limited 13902.97   005.8 MET Q15979 09/16/2025 17378.71 09/16/2025 Books

Powered by Koha